| 000 | 00455nam a2200181 a 4500 | ||
|---|---|---|---|
| 001 | 3121 | ||
| 003 | CO-ViMGA | ||
| 008 | 141112s2004 ck r 000 u spa d | ||
| 040 |
_aCO-ViMGA _bspa _cCO-ViMGA |
||
| 082 | 0 | 4 | _aBER |
| 100 | 1 |
_aBerenger, Carmen _95048 |
|
| 245 | 1 | 0 | _aEl rey mocho |
| 260 |
_aCaracas : _bEkare - Banco del libro, _c1992 |
||
| 300 | _a22 p : il | ||
| 490 | _aPonte poronte | ||
| 650 | 1 | 4 |
_aCUENTOS INFANTILES _92743 |
| 942 |
_2ddc _cBK |
||
| 999 |
_c15174 _d15174 |
||